000 01025nam a22002537a 4500
999 _c7659
_d7659
003 AR-CdUCM
008 190321b ||||| |||| 00| 0 spa d
020 _a84-03-20043-9
040 _aMUNICIPALIDAD PROVINCIAL DEL CUSCO
_cBIBLIOTECA MUNICIPAL DEL CUSCO
041 _heng
082 _23ed.
_a591 /
_bD96
100 _aDukes, H. H.
_921626
245 _aFisiología de los Animales Domésticos /
260 _aMadrid :
_bAguilar ;
_c1973.
300 _a962 páginas ;
_bTablas, ilustraciones, diagramas, fotografías
_c21cm
440 _aColección Ciencia y Tecnología
_nBioquímica y medicina
_921627
505 _aContenido: Los líquidos circulantes del cuerpo -- Circulación de la sangre -- Respiración --Digestión y Absorción -- Agua y electrolitos: riñones y orina; piel...
650 _aZoología
_921628
650 _aAnimales domésticos
_921629
650 _aFisiología animal
_921630
700 _aCastejon Calderón, Francisco J. (traducción)
_921631
942 _2ddc
_cLIBROS
945 _anom